Statistics for All Lil Uzi Vert Songs

Click here to take the quiz!

General Stats

  • This quiz has been taken 20 times
  • The average score is 54 of 87

Answer Stats

Album/MixtapeSong% Correct
Lil Uzi Vert vs. the WorldMoney Longer
94%
Luv Is Rage 2X
94%
Luv Is Rage 220 Min
82%
Luv Is Rage 2444+222
82%
Luv Is Rage7AM
82%
Eternal AtakeBaby Pluto
82%
Lil Uzi Vert vs. the WorldCanadian Goose
82%
The Perfect LUV TapeOf Course We Ghetto Flowers
82%
Luv Is RageTop
82%
Luv Is Rage 2Two
82%
Eternal AtakeCelebration Station
76%
The Perfect LUV TapeDo What I Want
76%
The Perfect LUV TapeErase Your Social
76%
Lil Uzi Vert vs. the WorldHi Roller
76%
Lil Uzi Vert vs. the World 2Myron
76%
Luv Is Rage 2Neon Guts
76%
Lil Uzi Vert vs. the WorldPs & Qs
76%
Eternal AtakeSilly Watch
76%
Lil Uzi Vert vs. the WorldTeam Rocket
76%
Eternal AtakeThat Way
76%
Eternal AtakeVenetia
76%
Lil Uzi Vert vs. the WorldYou Was Right
76%
Lil Uzi Vert vs. the World 2Bean (Kobe)
71%
Luv Is Rage 2Dark Queen
71%
Luv Is Rage 2Early 20 Rager
71%
Eternal AtakeHomecoming
71%
Eternal AtakeLo Mein
71%
Luv Is RageParadise
71%
Luv Is Rage 2Pretty Mami
71%
Lil Uzi Vert vs. the World 2Strawberry Peels
71%
Luv Is Rage 2The Way Life Goes
71%
Luv Is RageEnemies
65%
Eternal AtakeFutsal Shuffle 2020
65%
Lil Uzi Vert vs. the WorldGrab the Wheel
65%
The Perfect LUV TapeI Can Drive
65%
The Perfect LUV TapeMoney Mitch
65%
Eternal AtakeP2
65%
Luv Is RageRight Now
65%
Luv Is RageSafe House
65%
Luv Is Rage 2Sauce It Up
65%
Lil Uzi Vert vs. the WorldScott and Ramona
65%
Luv Is Rage 2UnFazed
65%
Lil Uzi Vert vs. the World 2Yessirskiii
65%
Lil Uzi Vert vs. the WorldBaby Are You Home
59%
Eternal AtakeBigger Than Life
59%
Eternal AtakeChrome Heart Tags
59%
Luv Is Rage 2How to Talk
59%
Eternal AtakeI'm Sorry
59%
Lil Uzi Vert vs. the World 2Leaders
59%
Lil Uzi Vert vs. the World 2Lotus
59%
Eternal AtakePop
59%
The Perfect LUV TapeSeven Million
59%
Luv Is RageYamborghini Dream
59%
Eternal AtakeYou Better Move
59%
Luv Is RageAll My Chains
53%
Luv Is RageBallin
53%
Luv Is RageBanned from TV
53%
Eternal AtakeBust Me
53%
Luv Is Rage 2Diamonds All on My Wrist
53%
Luv Is Rage 2Feelings Mutual
53%
Luv Is Rage 2For Real
53%
Luv Is Rage 2Loaded
53%
Luv Is Rage 2Malfunction
53%
Lil Uzi Vert vs. the World 2Money Spread
53%
Lil Uzi Vert vs. the World 2Moon Relate
53%
Luv Is Rage 2No Sleep Leak
53%
Eternal AtakePrices
53%
The Perfect LUV TapeRonda (Winners)
53%
Eternal AtakeSecure the Bag
53%
Lil Uzi Vert vs. the World 2Wassup
53%
Luv Is Rage 2XO Tour Llif3
53%
The Perfect LUV TapeYou're Lost
53%
Luv Is RageBelly
47%
Lil Uzi Vert vs. the World 2Come This Way
47%
Lil Uzi Vert vs. the World 2Got the Guap
47%
Lil Uzi Vert vs. the World 2No Auto
47%
Luv Is Rage 2Skir Skirr
47%
Luv Is RageSuper Saiyan
47%
Eternal AtakeUrgency
47%
Lil Uzi Vert vs. the World 2I Can Show You
41%
Luv Is RageNuyork Nights at 21
41%
The Perfect LUV TapeOriginal Uzi (4 of Us)
41%
Lil Uzi Vert vs. the World 2Trap This Way
41%
Luv Is RageMoist
35%
The Perfect LUV TapeSideline Watching (Hold Up)
35%
Luv Is RageQueso
29%
Luv Is RageWit My Crew x 1987
29%

Score Distribution

Percentile by Number Answered

Percent of People with Each Score

Your Score History

You have not taken this quiz